¿Existe una reforma agraria en la Bolivia del movimiento al socialismo? /
Se procura dar cuenta de la dinámica concreta del proceso de redistribución a nivel nacional y de los tipos de propiedad desarrollados por Evo Morales, aplicados a partir de un trabajo de campo y consulta a fuentes secundarias en la ciudad de la Paz, Bolivia. Parte de la hipótesis de que el avance e...
Guardado en:
| Hovedforfatter: | |
|---|---|
| Format: | Texto |
| Fag: | |
| Tags: |
Tilføj Tag
Ingen Tags, Vær først til at tagge denne postø!
|
MARC
| LEADER | 00000 a a2200000 04500 | ||
|---|---|---|---|
| 001 | 46478 | ||
| 003 | |||
| 040 | |||
| 100 | |a Fornillo, Bruno | ||
| 245 | |a ¿Existe una reforma agraria en la Bolivia del movimiento al socialismo? / |c Bruno Fornillo | ||
| 520 | |a Se procura dar cuenta de la dinámica concreta del proceso de redistribución a nivel nacional y de los tipos de propiedad desarrollados por Evo Morales, aplicados a partir de un trabajo de campo y consulta a fuentes secundarias en la ciudad de la Paz, Bolivia. Parte de la hipótesis de que el avance en la distribución ha sido sustancial en comparación con los años inmediatamente recientes, fundamentalmente en lo que refiere a la titulación de Tierras Comunitarias de Origen, dotadas a comunidades indígenas. | ||
| 590 | |a AMB/DICIEMBRE2014 | ||
| 650 | |a A) TIERRA | ||
| 650 | |a B) ADMINISTRACION DE TIERRAS | ||
| 650 | |a C) POBLACION INDIGENA | ||
| 650 | |a D) BOLIVIA | ||
| 773 | |g volumen16, número42 ( , 2012), páginas 153-166: gráficos, mapa | ||
| 999 | |c 28606 |d 28606 | ||
